[Event "Bashkortostan-ch"]
[Site "Tuimazy"]
[Date "2020.02.02"]
[Round "6"]
[White "Ardashirov, Rustam"]
[Black "Korzhova, Sofia"]
[Result "0-1"]
[WhiteElo "1394"]
[BlackElo "1592"]
[PlyCount "70"]
[EventDate "2020.01.26"]
[EventType "tourn"]
[EventRounds "11"]
[EventCountry "RUS"]
[SourceTitle "CBM 195 Extra"]
[Source "ChessBase"]
[SourceDate "2020.05.31"]
[SourceVersion "1"]
[SourceVersionDate "2020.05.31"]
[SourceQuality "1"]

1. e4 e5 2. Nf3 Nc6 3. d4 exd4 4. Nxd4 Bc5 5. Be3 Qf6 6. Nxc6 Bxe3 7. fxe3 Qh4+ 8. Kd2 dxc6 9. Nc3 Bg4 10. Qe1 0-0-0+ 11. Bd3 Qe7 12. h3 Bh5 13. g4 Bg6 14. Rd1 Nf6 15. Kc1 Nxe4 16. Nxe4 Bxe4 17. Rf1 f6 18. Rf4 Bg6 19. h4 Rhe8 20. e4 h5 21. Qa5 Kb8 22. gxh5 b6 23. Qc3 Bxh5 24. Rg1 Kb7 25. Rf5 Rh8 26. a4 Be8 27. Qe1 Bd7 28. Rf3 Rdg8 29. a5 b5 30. Re3 Qe5 31. Reg3 Qf4+ 32. Qd2 Qxh4 33. Rxg7 Rxg7 34. Rxg7 Qh1+ 35. Qd1 Qh6+ 0-1

[Event "Tuimazy-ch U18"]
[Site "Tuimazy"]
[Date "2019.03.03"]
[Round "6"]
[White "Farkhutdinov, Danil"]
[Black "Korzhova, Sofia"]
[Result "1-0"]
[WhiteElo "1367"]
[BlackElo "1444"]
[PlyCount "91"]
[EventDate "2019.03.01"]
[EventType "tourn"]
[EventRounds "11"]
[EventCountry "RUS"]
[SourceTitle "EXT 2022"]
[Source "ChessBase"]
[SourceDate "2021.10.06"]
[SourceVersion "1"]
[SourceVersionDate "2021.10.06"]
[SourceQuality "1"]

1. e4 e5 2. Nf3 Nc6 3. Bc4 Bc5 4. d3 d6 5. Be3 Bb6 6. Nc3 Nf6 7. Nd5 Be6 8. Nxf6+ Qxf6 9. Bxe6 fxe6 10. Qd2 0-0 11. 0-0-0 Ne7 12. d4 exd4 13. Bxd4 e5 14. Be3 Bxe3 15. Qxe3 Rfb8 16. Qg5 Qf7 17. Kb1 b5 18. h4 a5 19. h5 a4 20. h6 g6 21. Nh4 b4 22. Nf5 Nxf5 23. exf5 Qxf5 24. Qxf5 gxf5 25. Rh5 Rf8 26. Rd3 f4 27. c3 b3 28. axb3 axb3 29. c4 Rab8 30. Rhh3 Rb4 31. c5 Rf6 32. c6 Rb6 33. Rxb3 Rxb3 34. Rxb3 d5 35. Rb5 Rd6 36. Rc5 Kf8 37. b4 Ke7 38. b5 Kd8 39. Kc2 Kc8 40. Kb3 Kb8 41. Kb4 Ka7 42. Rc1 e4 43. Kc5 d4 44. b6+ Kb8 45. b7 d3 46. Ra1 1-0

[Event "Tuimazy-ch U18"]
[Site "Tuimazy"]
[Date "2019.03.02"]
[Round "3"]
[White "Popov, Alexandr"]
[Black "Korzhova, Sofia"]
[Result "0-1"]
[WhiteElo "1291"]
[BlackElo "1444"]
[PlyCount "62"]
[EventDate "2019.03.01"]
[EventType "tourn"]
[EventRounds "11"]
[EventCountry "RUS"]
[SourceTitle "EXT 2022"]
[Source "ChessBase"]
[SourceDate "2021.10.06"]
[SourceVersion "1"]
[SourceVersionDate "2021.10.06"]
[SourceQuality "1"]

1. e4 e5 2. Nf3 Nc6 3. Bc4 Bc5 4. c3 Nf6 5. d3 d6 6. Be3 Bb6 7. Nbd2 Be6 8. Bb3 Qd7 9. Qc2 0-0-0 10. 0-0-0 d5 11. Bxb6 axb6 12. Ba4 Qd6 13. exd5 Nxd5 14. Ne4 Qe7 15. Bxc6 bxc6 16. Nxe5 Kb7 17. Nc4 Ra8 18. Na3 Nf6 19. Nxf6 Qxf6 20. Kb1 Qg5 21. f3 Qd5 22. c4 Qd6 23. Qc3 g6 24. Ka1 Rhb8 25. Nc2 Qf8 26. d4 Ra5 27. a3 Rba8 28. Rhe1 Bf5 29. Re5 Bxc2 30. Qxc2 Rxa3+ 31. bxa3 Qxa3+ 0-1

[Event "Chishmy Cup 08 B"]
[Site "Chishmy"]
[Date "2016.08.06"]
[Round "1"]
[White "Nazmeev, Kamil"]
[Black "Korzhova, Sofia"]
[Result "0-1"]
[WhiteElo "1248"]
[BlackElo "1084"]
[PlyCount "50"]
[EventDate "2016.08.06"]
[EventType "tourn"]
[EventRounds "9"]
[EventCountry "RUS"]
[SourceTitle "EXT 2022"]
[Source "ChessBase"]
[SourceDate "2021.10.06"]
[SourceVersion "1"]
[SourceVersionDate "2021.10.06"]
[SourceQuality "1"]

1. e4 e5 2. Nf3 Nc6 3. Bc4 Bc5 4. d3 d6 5. Bg5 f6 6. Bh4 g5 7. Bg3 Bg4 8. h3 Bh5 9. 0-0 Nd4 10. Nc3 Nxf3+ 11. gxf3 Qd7 12. Kg2 0-0-0 13. Bxg8 Rdxg8 14. Nd5 Rf8 15. h4 Qf7 16. c3 Rhg8 17. d4 Bb6 18. b4 gxh4 19. Nxb6+ axb6 20. dxe5 fxe5 21. Qe2 Bxf3+ 22. Qxf3 Qxf3+ 23. Kg1 hxg3 24. fxg3 Rxg3+ 25. Kh2 Qg2# 0-1